Statistics for Pokémon names that end with I

Click here to take the quiz!

General Stats

  • This quiz has been taken 49 times
    (17 since last reset)
  • The average score is 9 of 13

Answer Stats

GenPokémon% Correct
IVCherubi
100%
IIIJirachi
100%
IVDarkrai
75%
IDratini
75%
IVSkorupi
75%
IITogepi
75%
IICelebi
50%
IIEntei
50%
VIKlefki
50%
VIIIRegieleki
50%
VIITapu Fini
50%
VVictini
50%
VIIWishiwashi
50%

Score Distribution

Percentile by Number Answered

Percent of People with Each Score

Your Score History

You have not taken this quiz since the last reset